00829nam a22002297a 450000500170000001000110001702000210002803500110004903700160006004000120007608200110008810000290009924500580012826000360018627000330022230000210025565000660027665000370034294200200037999900190039995201810041820170124110125.0 a557318 c00.00a701114797 a557318 bCen Lib/Ret aDPLbEN aNbSAH aSahgal, Nayantara931362 aStorm in Chandigarh :cby Nayantara Sahgalba novel / bChatto and WindusaLondonc1969 bLondona40 William IV Street a251p. c18cm(Hb) aLanguage and languages -- Political aspects -- Fiction931363 aPunjab (India) -- Fiction931364 2ddccENhNmSAH c131262d131262 04104070aLbLd2015-07-14eCen Lib/Retg0.00l0oN SAHp557318r2015-07-14 00:00:00t1v0.00w2015-07-14yENzWritten off on approval by DLB (By Circulation); dtd 15-06-2023